000
00330nam a2200145 a 4500
008
990203s1968||||xx 0 und c
040
_a
SNK
_b
slo
_c
SNK
_e
AACR2
100
1
_a
Geryk, Ján
245
1
0
_a
Slovenský spevník
260
_a
Martin
_b
Obzor
_c
1968
300
_a
155 s.
020
_c
15
041
_a
slo
044
_a
xo
_c
SK
999
_c
15109
_d
15109